[Event "Suedwestfalen-ch U16/18 Girls"]
[Site "Hagen"]
[Date "2002.03.25"]
[Round "2.3"]
[White "Kannengiesser, Helga"]
[Black "Runte, Saskia"]
[Result "0-1"]
[WhiteElo "841"]
[BlackElo "1384"]
[PlyCount "68"]
[EventDate "2002.03.??"]
[EventType "tourn"]
[EventRounds "6"]
[EventCountry "GER"]
[SourceTitle "EXT 2003"]
[Source "ChessBase"]
[SourceDate "2002.11.25"]
[SourceVersion "1"]
[SourceVersionDate "2002.11.25"]
[SourceQuality "1"]

1. e4 e5 2. Nc3 Nf6 3. Nf3 Bc5 4. Bb5 Ng4 5. h3 Nxf2 6. Qe2 Nxh1 7. d3 Ng3 8. Qd1 Bb4 9. Bg5 Bxc3+ 10. bxc3 f6 11. Bh4 a6 12. Bxg3 axb5 13. Rb1 d5 14. exd5 Qxd5 15. Kf1 Rxa2 16. Ra1 Rxa1 17. Qxa1 0-0 18. Qa8 Na6 19. Kg1 Bf5 20. Qa7 e4 21. dxe4 Qxe4 22. Qd4 Qxc2 23. Qd2 Qb1+ 24. Ne1 b4 25. cxb4 Nxb4 26. h4 Nc2 27. h5 Re8 28. Kh2 Nxe1 29. Bh4 Qe4 30. Kg3 Qg4+ 31. Kf2 Qxh4+ 32. g3 Qh2+ 33. Kf1 Qxd2 34. g4 Qg2# 0-1